| 000 | 00432nam a22001337a 4500 | ||
|---|---|---|---|
| 008 | 230619b xxu||||| |||| 00| 0 eng d | ||
| 082 |
_a305.4 _bUN |
||
| 100 | _cUN | ||
| 245 |
_aCommission on the status of women _bReport on the thirty-ninth Session (15march-april 1995) _cEconomic and social Council _hOfficial records, 1995 Supplement No.6 |
||
| 260 |
_aNew york _bUN _c1995 |
||
| 300 | _a101p | ||
| 440 | _x02520117 | ||
| 942 |
_2ddc _cBK |
||
| 999 |
_c1424 _d1424 |
||